[Event "Turniej Bankowcow"]
[Site "?"]
[Date "2016.11.20"]
[Round "8.1"]
[White "Dumanski, Aleksander"]
[Black "Grycel, Kamil"]
[Result "0-1"]
[BlackElo "2315"]
[WhiteElo "2150"]
[LiveChessVersion "1.4.8"]

1. d4 {[%clk 0:12:01]} Nf6 {[%clk 0:11:59]} 2. c4 {[%clk 0:12:02]} Nc6
{[%clk 0:11:59]} 3. Nf3 {[%clk 0:11:47]} e6 {[%clk 0:11:57]} 4. Nc3
{[%clk 0:11:47]} Bb4 {[%clk 0:11:54]} 5. Bg5 {[%clk 0:11:40]} h6 {[%clk 0:11:48]}
6. Bh4 {[%clk 0:11:41]} d6 {[%clk 0:10:15]} 7. e3 {[%clk 0:11:39]} O-O
{[%clk 0:10:03]} 8. Qc2 {[%clk 0:11:03]} Re8 {[%clk 0:09:51]} 9. Be2
{[%clk 0:11:01]} e5 {[%clk 0:09:42]} 10. d5 {[%clk 0:11:01]} Nb8 {[%clk 0:09:35]}
11. O-O {[%clk 0:10:57]} Bxc3 {[%clk 0:09:33]} 12. Qxc3 {[%clk 0:10:56]} Bf5
{[%clk 0:08:47]} 13. b4 {[%clk 0:10:39]} g5 {[%clk 0:08:19]} 14. Bg3
{[%clk 0:10:40]} Nbd7 {[%clk 0:08:09]} 15. Nd2 {[%clk 0:09:58]} Bg6
{[%clk 0:07:38]} 16. f3 {[%clk 0:09:39]} Nh5 {[%clk 0:07:28]} 17. Bf2
{[%clk 0:09:31]} f5 {[%clk 0:07:26]} 18. c5 {[%clk 0:09:18]} Ndf6
{[%clk 0:06:31]} 19. Bc4 {[%clk 0:08:38]} Qe7 {[%clk 0:06:08]} 20. Rac1
{[%clk 0:07:56]} a6 {[%clk 0:05:20]} 21. Bb3 {[%clk 0:07:45]} Bf7
{[%clk 0:04:30]} 22. Qd3 {[%clk 0:06:37]} e4 {[%clk 0:03:38]} 23. Qd4
{[%clk 0:05:36]} Rad8 {[%clk 0:03:04]} 24. cxd6 {[%clk 0:05:02]} Rxd6
{[%clk 0:03:00]} 25. Qc5 {[%clk 0:04:42]} Rd7 {[%clk 0:02:41]} 26. d6
{[%clk 0:03:27]} Rxd6 {[%clk 0:02:26]} 27. Nc4 {[%clk 0:03:19]} Rd5
{[%clk 0:02:11]} 28. Qa7 {[%clk 0:03:08]} Rb5 {[%clk 0:02:07]} 29. Qd4
{[%clk 0:02:23]} Rd8 {[%clk 0:02:05]} 30. Qc3 {[%clk 0:02:22]} Qxb4
{[%clk 0:02:01]} 31. Qa1 {[%clk 0:02:08]} Rc5 {[%clk 0:01:49]} 32. Ne5
{[%clk 0:01:46]} Bxb3 {[%clk 0:01:38]} 33. Rxc5 {[%clk 0:01:37]} Qxc5
{[%clk 0:01:34]} 34. axb3 {[%clk 0:01:38]} c6 {[%clk 0:01:22]} 35. b4
{[%clk 0:01:07]} Qd5 {[%clk 0:01:22]} 36. Ng6 {[%clk 0:01:05]} Kf7
{[%clk 0:01:15]} 37. Ne5+ {[%clk 0:01:03]} Ke6 {[%clk 0:01:00]} 38. f4
{[%clk 0:00:53]} gxf4 {[%clk 0:00:49]} 39. Ng6 {[%clk 0:00:53]} Kf7
{[%clk 0:00:47]} 40. Nh4 {[%clk 0:00:54]} Ng4 {[%clk 0:00:34]} 41. exf4
{[%clk 0:00:35]} Nxf2 {[%clk 0:00:33]} 42. Rxf2 {[%clk 0:00:34]} Qd1+
{[%clk 0:00:34]} 43. Rf1 {[%clk 0:00:35]} Qxa1 44. Rxa1 {[%clk 0:00:35]} Kf6
{[%clk 0:00:34]} 45. g3 {[%clk 0:00:32]} Rd2 {[%clk 0:00:34]} 46. Ng2
{[%clk 0:00:30]} Rd3 {[%clk 0:00:31]} 47. Kf2 {[%clk 0:00:29]} Ng7
{[%clk 0:00:27]} 48. Ke2 {[%clk 0:00:30]} Ne6 {[%clk 0:00:28]} 49. Ra2
{[%clk 0:00:23]} Nd4+ {[%clk 0:00:29]} 50. Kf2 {[%clk 0:00:22]} Nf3
{[%clk 0:00:28]} 51. h3 {[%clk 0:00:15]} Ke6 {[%clk 0:00:25]} 52. g4
{[%clk 0:00:16]} Rd2+ {[%clk 0:00:23]} 53. Rxd2 Nxd2 54. g5 {[%clk 0:00:11]} hxg5
{[%clk 0:00:22]} 55. fxg5 {[%clk 0:00:13]} Nf3 {[%clk 0:00:23]} 56. g6
{[%clk 0:00:11]} Kf6 {[%clk 0:00:24]} 57. Nf4 {[%clk 0:00:13]} Nh4
{[%clk 0:00:22]} 58. g7 {[%clk 0:00:08]} Kxg7 59. Ne6+ Kf6 {[%clk 0:00:24]} 60.
Nd8 {[%clk 0:00:11]} f4 {[%clk 0:00:22]} 61. Nxb7 {[%clk 0:00:12]} Ke5
{[%clk 0:00:22]} 62. Nc5 {[%clk 0:00:12]} e3+ {[%clk 0:00:21]} 63. Ke2
{[%clk 0:00:13]} Kd4 64. Ne6+ Ke4 {[%clk 0:00:21]} 65. Nc5+ {[%clk 0:00:15]} Kd5
{[%clk 0:00:22]} 66. Nxa6 {[%clk 0:00:15]} Kd4 {[%clk 0:00:21]} 67. Nb8
{[%clk 0:00:11]} Ke4 {[%clk 0:00:21]} 68. Nxc6 f3+ 69. Ke1 {[%clk 0:00:13]} Ng2+
{[%clk 0:00:19]} 70. Kf1 e2+ 71. Kg1 {[%clk 0:00:10]} e1=Q+ 72. Kh2 Nf4
{[%clk 0:00:19]} 73. b5 {[%clk 0:00:10]} Qf2+ {[%clk 0:00:20]} 0-1

[Event "Turniej Bankowcow"]
[Site "?"]
[Date "2016.11.20"]
[Round "8.2"]
[White "Lupkowski, Edward"]
[Black "Cajbel, Maciej"]
[Result "1/2-1/2"]
[BlackElo "2182"]
[WhiteElo "2166"]
[LiveChessVersion "1.4.8"]

1. e4 {[%clk 0:12:00]} c5 {[%clk 0:12:01]} 2. Nf3 {[%clk 0:11:58]} Nc6
{[%clk 0:12:01]} 3. d3 {[%clk 0:11:57]} g6 {[%clk 0:12:01]} 4. g3
{[%clk 0:11:58]} Bg7 {[%clk 0:12:02]} 5. Bg2 {[%clk 0:11:57]} d6 {[%clk 0:12:03]}
6. c3 {[%clk 0:11:55]} Nf6 {[%clk 0:12:03]} 7. O-O {[%clk 0:11:54]} O-O
{[%clk 0:12:03]} 8. Re1 {[%clk 0:11:47]} e5 {[%clk 0:11:40]} 9. a4
{[%clk 0:11:29]} h6 {[%clk 0:11:34]} 10. h3 {[%clk 0:11:28]} Be6 {[%clk 0:11:33]}
11. Na3 {[%clk 0:10:57]} 1/2-1/2

[Event "Turniej Bankowcow"]
[Site "?"]
[Date "2016.11.20"]
[Round "8.3"]
[White "Mazurkiewicz, Michal"]
[Black "Pyra, Daniel"]
[Result "1-0"]
[BlackElo "2008"]
[WhiteElo "2289"]
[LiveChessVersion "1.4.8"]

1. e4 {[%clk 0:12:00]} e5 {[%clk 0:12:00]} 2. Nf3 {[%clk 0:12:01]} Nf6
{[%clk 0:11:59]} 3. Nxe5 {[%clk 0:11:55]} d6 {[%clk 0:12:00]} 4. Nf3
{[%clk 0:11:56]} Nxe4 {[%clk 0:12:00]} 5. Nc3 {[%clk 0:11:57]} Nxc3
{[%clk 0:12:01]} 6. dxc3 {[%clk 0:11:58]} Bf5 {[%clk 0:12:01]} 7. Bf4
{[%clk 0:11:57]} Be7 {[%clk 0:11:57]} 8. Qd2 {[%clk 0:11:58]} O-O
{[%clk 0:11:54]} 9. O-O-O {[%clk 0:11:58]} Nd7 {[%clk 0:11:38]} 10. h4
{[%clk 0:11:38]} Nc5 {[%clk 0:11:11]} 11. Nd4 {[%clk 0:10:56]} Bd7
{[%clk 0:10:42]} 12. h5 {[%clk 0:09:15]} Ne6 {[%clk 0:10:37]} 13. Be3
{[%clk 0:08:31]} Nxd4 {[%clk 0:09:30]} 14. cxd4 {[%clk 0:08:28]} d5
{[%clk 0:09:08]} 15. Bd3 {[%clk 0:08:20]} b6 {[%clk 0:08:27]} 16. Be2
{[%clk 0:05:48]} Be6 {[%clk 0:07:43]} 17. Kb1 {[%clk 0:05:14]} c5
{[%clk 0:07:41]} 18. g4 {[%clk 0:04:35]} Bf6 {[%clk 0:05:03]} 19. dxc5
{[%clk 0:03:46]} bxc5 {[%clk 0:05:03]} 20. Bxc5 {[%clk 0:03:40]} Qb8
{[%clk 0:03:45]} 21. Bd4 {[%clk 0:03:33]} Bxd4 22. Qxd4 Qc7 {[%clk 0:03:46]} 23.
h6 {[%clk 0:03:31]} f6 {[%clk 0:03:21]} 24. hxg7 {[%clk 0:03:31]} Kxg7
{[%clk 0:02:56]} 25. Bd3 {[%clk 0:03:07]} Rh8 {[%clk 0:02:56]} 26. g5
{[%clk 0:03:03]} Qe5 {[%clk 0:02:57]} 27. gxf6+ {[%clk 0:03:04]} Qxf6
{[%clk 0:02:49]} 28. Rdg1+ {[%clk 0:02:55]} Kf7 {[%clk 0:02:50]} 29. Qxf6+
{[%clk 0:02:26]} Kxf6 {[%clk 0:02:51]} 30. Rh6+ {[%clk 0:02:26]} Kf7
{[%clk 0:02:35]} 31. Bxh7 {[%clk 0:02:25]} Rxh7 {[%clk 0:02:34]} 32. Rxh7+ Kf6
{[%clk 0:02:26]} 33. Rh6+ {[%clk 0:02:18]} Kf7 {[%clk 0:02:22]} 34. f4
{[%clk 0:02:13]} Bf5 {[%clk 0:02:17]} 35. Rc6 {[%clk 0:01:59]} Be4
{[%clk 0:02:13]} 36. Rc7+ {[%clk 0:01:48]} Kf6 {[%clk 0:02:12]} 37. Rgg7
{[%clk 0:01:47]} a5 {[%clk 0:01:58]} 38. b3 {[%clk 0:01:22]} a4 {[%clk 0:01:55]}
39. bxa4 {[%clk 0:01:18]} Rxa4 {[%clk 0:01:56]} 40. Kb2 {[%clk 0:01:16]} Rb4+
{[%clk 0:01:53]} 41. Kc1 {[%clk 0:00:56]} Ra4 {[%clk 0:01:50]} 42. Ra7
{[%clk 0:00:57]} Rc4 {[%clk 0:01:51]} 43. Rgc7 {[%clk 0:00:58]} Rb4
{[%clk 0:01:48]} 44. a3 {[%clk 0:00:55]} Rb8 {[%clk 0:01:44]} 45. a4
{[%clk 0:00:53]} Kf5 {[%clk 0:01:45]} 46. Rf7+ {[%clk 0:00:53]} Kg4
{[%clk 0:01:46]} 47. a5 {[%clk 0:00:53]} Rc8 {[%clk 0:01:44]} 48. Rfc7
{[%clk 0:00:47]} Rh8 {[%clk 0:01:44]} 49. a6 {[%clk 0:00:48]} Kxf4
{[%clk 0:01:42]} 50. Rf7+ {[%clk 0:00:43]} Ke3 {[%clk 0:01:39]} 51. Rab7
{[%clk 0:00:32]} d4 {[%clk 0:01:36]} 52. Rb3+ {[%clk 0:00:33]} d3
{[%clk 0:01:30]} 53. cxd3 {[%clk 0:00:29]} Rh1+ 54. Kb2 Rh2+ {[%clk 0:01:23]} 55.
Ka3 {[%clk 0:00:31]} Bxd3 {[%clk 0:01:22]} 56. Re7+ {[%clk 0:00:32]} Kd2
{[%clk 0:01:19]} 57. Rd7 {[%clk 0:00:33]} 1-0

[Event "Turniej Bankowcow"]
[Site "?"]
[Date "2016.11.20"]
[Round "9.2"]
[White "Cajbel, Maciej"]
[Black "Mazurkiewicz, Michal"]
[Result "1/2-1/2"]
[BlackElo "2289"]
[WhiteElo "2182"]
[LiveChessVersion "1.4.8"]

1. e4 {[%clk 0:12:00]} c5 {[%clk 0:11:58]} 2. Nc3 {[%clk 0:12:01]} e6
{[%clk 0:11:45]} 3. Nge2 {[%clk 0:11:57]} d5 {[%clk 0:11:40]} 4. exd5
{[%clk 0:11:54]} exd5 {[%clk 0:11:41]} 5. d4 {[%clk 0:11:54]} c4 {[%clk 0:11:35]}
6. g3 {[%clk 0:11:48]} Ne7 {[%clk 0:09:12]} 7. Bg2 {[%clk 0:11:44]} Be6
{[%clk 0:08:28]} 8. O-O {[%clk 0:11:13]} Nbc6 {[%clk 0:08:23]} 9. Nf4
{[%clk 0:09:14]} Qd7 {[%clk 0:08:14]} 10. Nxe6 {[%clk 0:09:09]} fxe6
{[%clk 0:07:58]} 11. Re1 {[%clk 0:08:43]} O-O-O {[%clk 0:07:45]} 12. b3
{[%clk 0:07:09]} Nf5 {[%clk 0:07:14]} 13. Ne2 {[%clk 0:06:03]} cxb3
{[%clk 0:05:35]} 14. axb3 {[%clk 0:06:00]} Be7 {[%clk 0:05:14]} 15. c3
{[%clk 0:05:29]} g5 {[%clk 0:05:12]} 16. b4 {[%clk 0:05:02]} a6 {[%clk 0:04:58]}
17. Qd3 {[%clk 0:04:56]} Nd6 {[%clk 0:04:42]} 18. Be3 1/2-1/2

[Event "Turniej Bankowcow"]
[Site "?"]
[Date "2016.11.20"]
[Round "9.3"]
[White "Lupkowski, Edward"]
[Black "Kazmierczak, Stanislaw"]
[Result "1/2-1/2"]
[BlackElo "2101"]
[WhiteElo "2166"]
[LiveChessVersion "1.4.8"]

1. e4 c6 2. Nc3 d5 3. Nf3 {[%clk 0:12:01]} g6 {[%clk 0:11:47]} 4. exd5 cxd5 5.
Bb5+ {[%clk 0:11:48]} Bd7 {[%clk 0:09:31]} 6. Qe2 {[%clk 0:11:30]} Nf6
{[%clk 0:08:15]} 7. d4 {[%clk 0:10:10]} a6 {[%clk 0:07:35]} 8. Bxd7+
{[%clk 0:10:09]} Nbxd7 {[%clk 0:07:36]} 9. O-O {[%clk 0:09:49]} Bg7
{[%clk 0:07:13]} 10. Re1 {[%clk 0:09:50]} e6 {[%clk 0:06:57]} 11. Bf4
{[%clk 0:08:36]} O-O {[%clk 0:06:49]} 12. Qd2 {[%clk 0:07:52]} Nb6
{[%clk 0:05:49]} 13. Ne5 {[%clk 0:07:23]} Rc8 {[%clk 0:05:37]} 14. Bg5
{[%clk 0:06:46]} Qd6 {[%clk 0:04:42]} 15. Rad1 {[%clk 0:04:52]} Nc4
{[%clk 0:04:18]} 16. Qf4 {[%clk 0:04:26]} Nh5 {[%clk 0:03:46]} 17. Nxc4
{[%clk 0:03:43]} Qxf4 {[%clk 0:03:25]} 18. Bxf4 {[%clk 0:03:43]} Rxc4
{[%clk 0:02:39]} 19. Be5 {[%clk 0:03:38]} Bxe5 {[%clk 0:02:29]} 20. Rxe5
{[%clk 0:03:33]} b5 {[%clk 0:02:15]} 21. g4 {[%clk 0:02:42]} Nf6 {[%clk 0:02:00]}
22. g5 {[%clk 0:02:41]} Nd7 {[%clk 0:01:38]} 23. Re2 {[%clk 0:02:42]} Rfc8
{[%clk 0:01:30]} 24. Rdd2 {[%clk 0:02:25]} Nb6 {[%clk 0:01:21]} 25. Nd1
{[%clk 0:02:10]} R4c6 {[%clk 0:01:15]} 26. Ne3 {[%clk 0:01:45]} b4
{[%clk 0:01:08]} 27. b3 {[%clk 0:01:31]} a5 {[%clk 0:01:05]} 28. Ng4
{[%clk 0:01:28]} Nd7 {[%clk 0:01:04]} 29. h4 {[%clk 0:01:19]} a4 {[%clk 0:01:00]}
30. h5 {[%clk 0:01:16]} axb3 {[%clk 0:00:58]} 31. axb3 {[%clk 0:01:06]} Ra8
{[%clk 0:00:56]} 32. hxg6 {[%clk 0:00:58]} hxg6 {[%clk 0:00:56]} 33. f4
{[%clk 0:00:50]} Ra1+ {[%clk 0:00:48]} 34. Kg2 {[%clk 0:00:51]} Rc3
{[%clk 0:00:44]} 35. Ne3 1/2-1/2